000
00282pam a2200133 a 4500
020
_c
041
_h
082
_a
658
_b
DRU
100
_a
BEDEIAN A. G.,
245
_a
MANAGEMENT
_h
Textual Documents
260
_a
LONDON
_b
DRYDEN PRESS
_c
1989
300
_a
XXV+671
930
_a
10777
999
_c
130222
_d
130222